| Tag |
First Indicator |
Second Indicator |
Subfields |
| LEADER |
00000cam a2200000 a 4500 |
| 001 |
in00002016199 |
| 005 |
20151031154408.0 |
| 008 |
870817s1985 ru acf 000 f rus |
| 010 |
|
|
|a 86151163
|
| 020 |
|
|
|c 1.30rub
|
| 035 |
|
|
|a (OCoLC)ocm17171120
|
| 040 |
|
|
|a DLC
|c DLC
|d TXA
|d UtOrBLW
|
| 042 |
|
|
|a pcc
|
| 043 |
|
|
|a e-fr---
|
| 049 |
|
|
|a TXAM
|
| 050 |
|
4 |
|a PG3476.R857
|b P67 1985
|
| 100 |
1 |
|
|a Rutʹko, Arseniĭ Ivanovich.
|
| 245 |
1 |
0 |
|a Posledniĭ denʹ zhizni :
|b povestʹ ob Ėzhene Varlene /
|c Arseniĭ Rutʹko, Natalʹi︠a︡ Tumanova.
|
| 264 |
|
1 |
|a Moskva :
|b Izd-vo polit. lit-ry,
|c 1985.
|
| 300 |
|
|
|a 347 pages, 6 unnumbered leaves of plates :
|b color illustrations, portrait ;
|c 18 cm.
|
| 336 |
|
|
|a text
|b txt
|2 rdacontent
|
| 337 |
|
|
|a unmediated
|b n
|2 rdamedia
|
| 338 |
|
|
|a volume
|b nc
|2 rdacarrier
|
| 490 |
1 |
|
|a Plamennye revoli︠u︡t︠s︡ionery
|
| 600 |
1 |
0 |
|a Varlin, Eugène,
|d 1839-1871
|v Fiction.
|
| 651 |
|
0 |
|a France
|x History
|y Second Empire, 1852-1870
|v Fiction.
|
| 651 |
|
0 |
|a France
|x History
|y Third Republic, 1870-1940
|v Fiction.
|
| 700 |
1 |
|
|a Tumanova, Natalʹi︠a︡ Lʹvovna.
|
| 830 |
|
0 |
|a Plamennye revoli︠u︡t︠s︡ionery.
|
| 948 |
|
|
|a cataloged
|b h
|c 2004/12/17
|d c
|e tchubaryan
|f 3:58:22 pm
|
| 994 |
|
|
|a E0
|b TXA
|
| 999 |
|
|
|a MARS
|
| 999 |
f |
f |
|s 95cc118c-e13a-35a3-bdeb-8323c7f883ce
|i 0bca7bd9-aaca-360d-ab39-c5a3d55da468
|t 0
|
| 952 |
f |
f |
|p ric
|a Texas A&M University
|b Rellis Campus
|c Joint Library Facility
|d Remote Storage
|t 0
|e PG3476.R857 P67 1985
|h Library of Congress classification
|i unmediated -- volume
|m A14832283411
|
| 998 |
f |
f |
|a PG3476.R857 P67 1985
|t 0
|l Remote Storage
|